| 000 | 00465nam a2200181Ia 4500 | ||
|---|---|---|---|
| 005 | 20250326130017.0 | ||
| 008 | 250326s9999 xx 000 0 und d | ||
| 037 | _aTextbook | ||
| 040 |
_aFMSL _beng _cFMSL |
||
| 041 |
_aeng _2eng |
||
| 084 |
_aX:51 N3 _qFMSL |
||
| 100 |
_aKelly E J _9740026 |
||
| 245 | 0 |
_aManagerial marketing _cKelly E J |
|
| 260 |
_aNY _bNY, Rehold _c1973 |
||
| 300 | _a482p | ||
| 942 |
_cTB _hX:51 N3 |
||
| 999 |
_c1280551 _d1280551 |
||